Normal view
MARC view
- Wesselingh, J. A
Entry Personal Name
001 - CONTROL NUMBER
- control field: 132756
003 - CONTROL NUMBER IDENTIFIER
- control field: NUST
005 - DATE AND TIME OF LATEST TRANSACTION
- control field: 20260112163403.0
008 - FIXED-LENGTH DATA ELEMENTS
- fixed length control field: 260112|| aca||aabn | a|a d
040 ## - CATALOGING SOURCE
- Original cataloging agency: NUST
- Transcribing agency: NUST
100 ## - HEADING--PERSONAL NAME
- Personal name: Wesselingh, J. A
670 ## - SOURCE DATA FOUND
- Source citation: Work cat.: (NUST)0: Wesselingh, J. A., Design and development of biological, chemical, food and pharmaceutical products /, c2007.
